[Event "North American-ch U10"]
[Site "Montreal"]
[Date "2010.08.16"]
[Round "1"]
[White "Zhang, Jeff"]
[Black "Zimmermann, Eric"]
[Result "1-0"]
[WhiteElo "1107"]
[BlackElo "676"]
[PlyCount "37"]
[EventDate "2010.08.16"]
[EventType "swiss"]
[EventRounds "7"]
[EventCountry "CAN"]
[SourceTitle "EXT 2013"]
[Source "ChessBase"]
[SourceDate "2012.11.22"]
[SourceVersion "1"]
[SourceVersionDate "2012.11.22"]
[SourceQuality "1"]

1. e4 e5 2. Nf3 Nc6 3. Bc4 Nf6 4. Ng5 Qe7 5. Nxf7 Rg8 6. Ng5 Qc5 7. Bxg8 h6 8. Nf3 Nxe4 9. 0-0 d6 10. d3 Nf6 11. Bc4 Bg4 12. Nc3 Bxf3 13. Qxf3 Nd4 14. Qxb7 Rd8 15. Be3 Ng4 16. Bxd4 exd4 17. Qf3 Ne5 18. Rfe1 dxc3 19. Qf7# 1-0

[Event "CAN-ch U10"]
[Site "Windsor"]
[Date "2010.07.09"]
[Round "7"]
[White "Yilmaz, Burak"]
[Black "Zhang, Jeff"]
[Result "0-1"]
[WhiteElo "800"]
[BlackElo "1312"]
[PlyCount "78"]
[EventDate "2010.07.06"]
[EventType "swiss"]
[EventRounds "7"]
[EventCountry "CAN"]
[SourceTitle "EXT 2012"]
[Source "ChessBase"]
[SourceDate "2011.11.24"]
[SourceVersion "1"]
[SourceVersionDate "2011.11.24"]
[SourceQuality "1"]

1. e4 c5 2. Nc3 Nc6 3. Nf3 d6 4. Bb5 Bd7 5. Bxc6 Bxc6 6. d4 cxd4 7. Nxd4 Nf6 8. Nxc6 bxc6 9. f3 g6 10. Be3 Bg7 11. 0-0 0-0 12. Qe2 Qa5 13. Bd2 Qc7 14. Bf4 Nd7 15. Qf2 Rab8 16. Rab1 Rb7 17. h4 Rfb8 18. h5 Rxb2 19. Rxb2 Rxb2 20. Ne2 Rxc2 21. Rc1 Rxc1+ 22. Nxc1 c5 23. Ne2 Qa5 24. Qh4 Bf6 25. Bg5 Bxg5 26. Qxg5 Nf6 27. h6 Qe1+ 28. Kh2 Qxe2 29. f4 Qh5+ 30. Qxh5 gxh5 31. e5 Ng4+ 32. Kg3 dxe5 33. fxe5 Nxe5 34. Kf4 f6 35. Ke4 c4 36. Kd4 Kf7 37. a4 Ke6 38. a5 Kd6 39. a6 Kc6 0-1

[Event "CAN-ch U10"]
[Site "Windsor"]
[Date "2010.07.06"]
[Round "1"]
[White "Zhang, Jeff"]
[Black "Deforest, Matthew"]
[Result "1-0"]
[WhiteElo "1312"]
[BlackElo "550"]
[PlyCount "44"]
[EventDate "2010.07.06"]
[EventType "swiss"]
[EventRounds "7"]
[EventCountry "CAN"]
[SourceTitle "EXT 2012"]
[Source "ChessBase"]
[SourceDate "2011.11.24"]
[SourceVersion "1"]
[SourceVersionDate "2011.11.24"]
[SourceQuality "1"]

1. e4 e5 2. Nf3 Nc6 3. Bc4 Bb4 4. a3 Bc5 5. Nc3 g5 6. d3 g4 7. Ng5 Qe7 8. Nxf7 Qh4 9. g3 Qf6 10. 0-0 h5 11. Nd5 Qg6 12. Nxc7+ Kf8 13. Nxh8 Qg7 14. Nf7 h4 15. Bg5 hxg3 16. hxg3 Nf6 17. Bh6 Kg8 18. Bxg7 Kxg7 19. Nxa8 Nh5 20. Qxg4+ Kh7 21. Qxh5+ Kg7 22. Qh6+ Kg8 1-0

[Event "CAN-ch U10"]
[Site "Windsor"]
[Date "2010.07.06"]
[Round "2"]
[White "Zhang, Yuanchen"]
[Black "Zhang, Jeff"]
[Result "1-0"]
[WhiteElo "1780"]
[BlackElo "1312"]
[PlyCount "101"]
[EventDate "2010.07.06"]
[EventType "swiss"]
[EventRounds "7"]
[EventCountry "CAN"]
[SourceTitle "EXT 2012"]
[Source "ChessBase"]
[SourceDate "2011.11.24"]
[SourceVersion "1"]
[SourceVersionDate "2011.11.24"]
[SourceQuality "1"]

1. d4 d5 2. c4 e6 3. Nc3 Nf6 4. Bg5 Bb4 5. Qc2 0-0 6. e3 Nc6 7. cxd5 exd5 8. Bd3 g6 9. Nge2 Qd6 10. 0-0 Ng4 11. Bf4 Qd7 12. h3 Nf6 13. a3 Bd6 14. Bxd6 Qxd6 15. b4 Be6 16. Rfc1 Qd7 17. Na4 b6 18. Bb5 Bxh3 19. Bxc6 Qg4 20. Nf4 Bxg2 21. Nxg2 Rad8 22. Qd1 Qg5 23. Qf3 Rd6 24. Qf4 Qh5 25. Qh2 Qf5 26. Bb5 Ne4 27. Qf4 Qh5 28. Qh4 Qf5 29. f4 Nd2 30. Qf2 Nb3 31. Rab1 Nxc1 32. Rxc1 Rc8 33. Ba6 Ra8 34. Qe2 Qd7 35. Bb5 c6 36. Bd3 b5 37. Nc5 Qc7 38. Qc2 a5 39. Qb2 axb4 40. axb4 Re8 41. Ra1 Rdd8 42. Ra2 Ra8 43. Qa1 Rxa2 44. Qxa2 Qc8 45. Qa5 Qg4 46. Qa1 Rxe3 47. Qf1 Rf3 48. Qe2 Rxf4 49. Qe8+ Kg7 50. Qe5+ f6 51. Qxf4 1-0